000 00611cab a2200205 4500
001 ABS42075
008 090401t1990 xxu||||| |||| 00| 0 eng d
035 _a(Sirsi) u34562
041 _aeng
100 _aComyn, C.
245 _aCouncil surveyors facing up to VAT
260 _c1990
350 _a0
490 _aEstates Times
_v(1030) 19 January 1990, 16(1)
520 _aBrief article that considers the impact of property VAT on local authority surveyors. The new rules and regulations are discussed.
650 _aCOMMERCIAL BUILDINGS
690 _aTAXATION
942 _n0
948 _c04/03/1997
999 _c22873
_d22873